000 00367pam a2200133 a 4500
020 _a0-538-87866-5
_c
041 _h
082 _a658.81
_bHUG/MCK
100 _aHUGHES D.G.,MCKEE D.,SINGLER C.H.
245 _aSALES MANAGEMENT A CAREER PATH APPROACH
_hTextual Documents
260 _aUSA
_bSOUTH-WESTERN COLLEGE PUBLISHING
_c1998
300 _aXX+453
930 _a5858
999 _c125331
_d125331